000 00524nam a2200181 a 4500
005 20140412111237.0
008 010710s19uu xx 00 eng d
020 _a0-7445-0548-8
050 _aTR(PS E
_bBa21 1988
100 _aLloyd, David
245 _aBall (The) /
_cwritten by David Lloyd; illustrated by Mary Rees.
260 _aLondon :
_bWalker Books,
_c1988.
300 _a1v. (unp.) ; ill.
440 _aFun-to-read picture book series
650 _aBalls-Stories
650 _aBalls-Fiction
999 _c102525
_d102525